[Event "Championnat de Paris Open A"]
[Site "Paris"]
[Date "2009.07.12"]
[Round "9.3"]
[White "Wundermann"]
[Black "Gervasio"]
[Result "0-1"]
[WhiteElo "2169"]
[BlackElo "2295"]
[PlyCount "56"]
[EventDate "2009.??.??"]
[SourceDate "2009.07.21"]

1. e4 Nf6 2. d3 e5 3. g3 Bc5 4. Bg2 d6 5. c3 Bb6 6. Nf3 O-O 7. Nbd2 c6 8. O-O
Nbd7 9. a4 d5 10. Qe2 Re8 11. b4 a5 12. Nb3 axb4 13. cxb4 Nf8 14. Bb2 Bg4 15.
h3 Bh5 16. g4 dxe4 17. dxe4 Bg6 18. Nxe5 Bc7 19. f4 Ne6 20. Nxg6 hxg6 21. Rad1
Qe7 22. e5 Qxb4 23. exf6 Qxb3 24. Rde1 Ba5 25. Rb1 Nxf4 26. Qf3 Ne2+ 27. Kh2
Bc7+ 28. Kh1 Re3 0-1

[Event "Championnat de Paris Open A"]
[Site "Paris"]
[Date "2009.07.12"]
[Round "9.1"]
[White "Mondoloni"]
[Black "Chandesris"]
[Result "1-0"]
[WhiteElo "2260"]
[BlackElo "1961"]
[PlyCount "47"]
[EventDate "2009.??.??"]
[SourceDate "2009.07.21"]

1. e4 c5 2. c3 Nf6 3. e5 Nd5 4. d4 cxd4 5. Nf3 Nc6 6. Bc4 e6 7. cxd4 Nb6 8. Bd3
d6 9. O-O Nb4 10. Nc3 Nxd3 11. Qxd3 dxe5 12. Nxe5 a6 13. Qf3 Qf6 14. Bf4 Nd5
15. Nxd5 exd5 16. Rac1 Be7 17. Qxd5 O-O 18. Qe4 Bf5 19. Qxb7 Rab8 20. Qc7 Rfc8
21. Nd7 Bxd7 22. Qxd7 Rd8 23. Qc7 Rxb2 24. Rc6 1-0

[Event "Championnat de Paris Open A"]
[Site "Paris"]
[Date "2009.07.10"]
[Round "7.1"]
[White "Mondoloni"]
[Black "Aguirre"]
[Result "1-0"]
[WhiteElo "2260"]
[BlackElo "2268"]
[PlyCount "73"]
[EventDate "2009.??.??"]
[SourceDate "2009.07.21"]

1. e4 c5 2. c3 Nf6 3. e5 Nd5 4. d4 cxd4 5. Nf3 e6 6. cxd4 d6 7. Bc4 Nb6 8. Bd3
Nc6 9. O-O Be7 10. Nc3 d5 11. Be3 Bd7 12. Qd2 Rc8 13. b3 a6 14. a3 O-O 15. Rfc1
Na7 16. h4 Qe8 17. Ng5 g6 18. Nf3 f6 19. h5 gxh5 20. Bh6 Rf7 21. exf6 Bxf6 22.
Ng5 Bxg5 23. Qxg5+ Kh8 24. Qxh5 Nc6 25. Re1 Re7 26. Qh4 Rf7 27. Re3 Ne7 28.
Bxh7 Kxh7 29. Bf4+ Kg8 30. Rg3+ Rg7 31. Rxg7+ Kxg7 32. Be5+ Kg6 33. Qg4+ Kh6
34. Qg7+ Kh5 35. Qh7+ Kg4 36. f3+ Kg5 37. f4+ 1-0

[Event "Championnat de Paris Open A"]
[Site "Paris"]
[Date "2009.07.12"]
[Round "9.2"]
[White "Kostiuk"]
[Black "Buscara"]
[Result "1-0"]
[WhiteElo "2296"]
[BlackElo "2225"]
[PlyCount "81"]
[EventDate "2009.??.??"]
[SourceDate "2009.07.21"]

1. d4 d5 2. c4 c6 3. Nf3 Nf6 4. e3 Bg4 5. Nc3 e6 6. Qb3 Qb6 7. Ne5 Bf5 8. c5
Qc7 9. Be2 h5 10. O-O Nbd7 11. f4 Be7 12. Bd2 h4 13. Qd1 Nxe5 14. fxe5 Ne4 15.
Nxe4 Bxe4 16. Bf3 Bg6 17. Qe2 f6 18. e4 fxe5 19. exd5 exd5 20. Bg4 Bf6 21. Rae1
e4 22. Qf2 O-O 23. Bf4 Qd8 24. Qe3 Be7 25. g3 b6 26. b4 a5 27. a3 axb4 28. axb4
Ra4 29. Rb1 bxc5 30. bxc5 Bf6 31. Rfd1 Qa5 32. Be6+ Kh8 33. gxh4 Ra3 34. Qc1
Bh5 35. Rd2 e3 36. Rdb2 Bxd4 37. Rb8 e2+ 38. Kg2 Bf3+ 39. Kh3 Bh5+ 40. Bg3 Raf3
41. Qg5 1-0

[Event "Championnat de Paris Open A"]
[Site "Paris"]
[Date "2009.07.12"]
[Round "9.5"]
[White "Chanoine"]
[Black "Derieux"]
[Result "1-0"]
[WhiteElo "2271"]
[BlackElo "2155"]
[PlyCount "95"]
[EventDate "2009.??.??"]
[SourceDate "2009.07.21"]

1. e4 c5 2. Nf3 d6 3. Bb5+ Nd7 4. d4 cxd4 5. Qxd4 e5 6. Qd3 h6 7. O-O Be7 8. c4
Ngf6 9. Nc3 O-O 10. Bxd7 Bxd7 11. a4 Bc6 12. Re1 Re8 13. Nd2 Nh5 14. g3 Qd7 15.
f3 Rf8 16. Nd5 Bg5 17. Nf1 Bxc1 18. Rexc1 Bxa4 19. b4 Bc6 20. Nc3 f5 21. b5
fxe4 22. bxc6 exd3 23. cxd7 Nf6 24. Rd1 Nxd7 25. Rxd3 Nc5 26. Re3 Nb3 27. Rb1
Na5 28. Nd2 Rac8 29. Rb4 b6 30. Kg2 Rc6 31. Nd5 Kf7 32. f4 exf4 33. Re7+ Kg8
34. Rxa7 f3+ 35. Kf2 Rc5 36. Rc7 Rxc7 37. Nxc7 Rc8 38. Nd5 Rc5 39. Nxb6 Nc6 40.
Rb3 Ne5 41. Rb5 Rc7 42. Nxf3 Nxc4 43. Nxc4 Rxc4 44. Rb6 Rc2+ 45. Ke3 Rc3+ 46.
Ke2 Rc2+ 47. Kd3 Rf2 48. Ke3 1-0

[Event "Championnat de Paris Open A"]
[Site "Paris"]
[Date "2009.07.12"]
[Round "9.4"]
[White "Quach"]
[Black "Baron"]
[Result "0-1"]
[WhiteElo "2156"]
[BlackElo "2290"]
[PlyCount "142"]
[EventDate "2009.??.??"]
[SourceDate "2009.07.21"]

1. d4 Nf6 2. c4 g6 3. Nc3 d5 4. cxd5 Nxd5 5. e4 Nxc3 6. bxc3 Bg7 7. Bc4 c5 8.
Ne2 O-O 9. O-O Nc6 10. Be3 Bg4 11. f3 Na5 12. Bd3 cxd4 13. cxd4 Be6 14. Rc1
Bxa2 15. Qa4 Be6 16. d5 Bd7 17. Qb4 e5 18. Rc2 Re8 19. Rfc1 b6 20. Ba6 Bf8 21.
Qb2 Bd6 22. Nc3 Bc8 23. Be2 Bd7 24. Ba6 Qb8 25. Nb5 Bxb5 26. Bxb5 Re7 27. Bg5
Rc7 28. Rxc7 Bxc7 29. Qc3 Bd6 30. Bf6 Qf8 31. Bxe5 Bxe5 32. Qxe5 Nb3 33. Rc7
Qb4 34. Bf1 Qe1 35. Qg3 Qd1 36. Qf2 a5 37. Qe2 Qd4+ 38. Qf2 a4 39. Qxd4 Nxd4
40. d6 Ne6 41. Rc2 a3 42. Ra2 Kf8 43. Kf2 Nd4 44. Ke3 Ra4 45. Be2 Rb4 46. Bd3
Ra4 47. Kd2 b5 48. Bc2 Rc4 49. Rxa3 Rxc2+ 50. Kd3 Rc4 51. Ra8+ Kg7 52. d7 Ne6
53. d8=Q Nxd8 54. Rxd8 Ra4 55. Rc8 h5 56. h4 Ra2 57. g4 Ra3+ 58. Ke2 hxg4 59.
fxg4 Rg3 60. g5 b4 61. Rb8 b3 62. Kf2 Rh3 63. Kg2 Rxh4 64. Kg3 Rxe4 65. Rxb3
Kf8 66. Kf3 Rd4 67. Kg3 Ke7 68. Rf3 Rd5 69. Kg4 Kf8 70. Rf2 Kg7 71. Rf3 Rd6 0-1

[Event "Championnat de Paris Open A"]
[Site "Paris"]
[Date "2009.07.11"]
[Round "8.2"]
[White "Buscara"]
[Black "Baurges"]
[Result "1-0"]
[WhiteElo "2225"]
[BlackElo "2078"]
[PlyCount "73"]
[EventDate "2009.??.??"]
[SourceDate "2009.07.21"]

1. d4 e6 2. Nf3 f5 3. Bf4 Nf6 4. e3 b6 5. h3 Bb7 6. Bd3 Be7 7. Nc3 Bb4 8. O-O
Bxc3 9. bxc3 O-O 10. c4 d6 11. Qe2 Qe7 12. Bh2 Ne4 13. Bxe4 Bxe4 14. Rfd1 Bb7
15. Nd2 Nd7 16. Nb3 e5 17. d5 Nf6 18. f3 Qf7 19. Rf1 Ba6 20. Qd3 Qh5 21. a4 Qh4
22. f4 Nd7 23. Qc3 g5 24. Rf3 Nf6 25. fxe5 Ne4 26. Qd4 Rae8 27. e6 Rf6 28. Raf1
g4 29. hxg4 Ng5 30. Rxf5 Rh6 31. Rf8+ Rxf8 32. Rxf8+ Kxf8 33. Qh8+ Ke7 34. Qg7+
Ke8 35. Qd7+ Kf8 36. e7+ Kf7 37. e8=Q+ 1-0

[Event "Championnat de Paris Open A"]
[Site "Paris"]
[Date "2009.07.11"]
[Round "8.3"]
[White "Lamorelle"]
[Black "Kostiuk"]
[Result "1/2-1/2"]
[WhiteElo "2194"]
[BlackElo "2296"]
[PlyCount "57"]
[EventDate "2009.??.??"]
[SourceDate "2009.07.21"]

1. e4 e5 2. Nf3 Nc6 3. Nc3 Nf6 4. Bb5 Bb4 5. O-O O-O 6. d3 d6 7. Bg5 Bxc3 8.
bxc3 Ne7 9. Bxf6 gxf6 10. Nh4 c6 11. Bc4 d5 12. Bb3 Ng6 13. Qh5 Nf4 14. Qf3 Kh8
15. g3 Rg8 16. Kh1 Bg4 17. Qe3 Ng6 18. Nxg6+ Rxg6 19. f4 Bh3 20. Rf2 dxe4 21.
Qxe4 exf4 22. Rxf4 Kg7 23. Qe2 Qb6 24. Rh4 Be6 25. Ra4 c5 26. Qf2 Qc6+ 27. Kg1
f5 28. Bxe6 fxe6 29. Rf4 1/2-1/2

[Event "Championnat de Paris Open A"]
[Site "Paris"]
[Date "2009.07.11"]
[Round "8.4"]
[White "Gervasio"]
[Black "Regoli"]
[Result "1/2-1/2"]
[WhiteElo "2295"]
[BlackElo "2233"]
[PlyCount "32"]
[EventDate "2009.??.??"]
[SourceDate "2009.07.21"]

1. d4 Nf6 2. c4 e6 3. a3 d5 4. Nc3 Be7 5. Nf3 O-O 6. e3 b6 7. cxd5 Nxd5 8. Bd3
Ba6 9. Bxa6 Nxc3 10. bxc3 Nxa6 11. h4 c5 12. Qd3 Nc7 13. Ng5 g6 14. a4 cxd4 15.
cxd4 e5 16. d5 Ne6 1/2-1/2

[Event "Championnat de Paris Open A"]
[Site "Paris"]
[Date "2009.07.11"]
[Round "8.5"]
[White "Baron"]
[Black "Wundermann"]
[Result "1/2-1/2"]
[WhiteElo "2290"]
[BlackElo "2169"]
[PlyCount "101"]
[EventDate "2009.??.??"]
[SourceDate "2009.07.21"]

1. e4 c6 2. d4 d5 3. Nc3 dxe4 4. Nxe4 Nd7 5. Ng5 Ngf6 6. Bd3 e6 7. N1f3 Bd6 8.
Qe2 h6 9. Ne4 Nxe4 10. Qxe4 Nf6 11. Qe2 O-O 12. Ne5 c5 13. dxc5 Bxc5 14. O-O b6
15. Bf4 Bb7 16. Rad1 Qe7 17. c4 Rad8 18. a3 a5 19. Bc2 Rxd1 20. Rxd1 Rd8 21.
Nd3 Bd6 22. Bxd6 Rxd6 23. Ne5 Qd8 24. Rxd6 Qxd6 25. Qd3 Qxd3 26. Bxd3 Kf8 27.
f4 Ke7 28. Kf2 Ne4+ 29. Ke3 Nc5 30. Bf1 f6 31. Nd3 Nb3 32. Nf2 Kd6 33. Kd3 Nc5+
34. Kc3 e5 35. b4 axb4+ 36. axb4 Ne4+ 37. Nxe4+ Bxe4 38. g3 g5 39. fxg5 fxg5
40. Bd3 Bg2 41. Kd2 Bh3 42. Ke3 Bg2 43. Kf2 Bh1 44. Be2 Be4 45. Bf1 Bb7 46. Bg2
Ba6 47. Bd5 b5 48. cxb5 Bxb5 49. Be4 Bc4 50. Ke3 Kc7 51. Bf3 1/2-1/2

[Event "Championnat de Paris Open A"]
[Site "Paris"]
[Date "2009.07.10"]
[Round "7.2"]
[White "Regoli"]
[Black "Buscara"]
[Result "0-1"]
[WhiteElo "2239"]
[BlackElo "2225"]
[PlyCount "46"]
[EventDate "2009.??.??"]
[SourceDate "2009.07.21"]

1. e4 d5 2. exd5 Qxd5 3. Nc3 Qa5 4. Bc4 Nf6 5. d3 Bg4 6. f3 Bd7 7. Bd2 Qb6 8.
Qe2 Nc6 9. O-O-O Nd4 10. Qe5 e6 11. Ne4 Nxe4 12. dxe4 f6 13. Qh5+ g6 14. Qh4 e5
15. Bc3 Bc5 16. Ne2 Nxe2+ 17. Bxe2 Bf2 18. g3 Be3+ 19. Bd2 O-O-O 20. g4 Ba4 21.
Qe1 Qc5 22. b3 Qc3 23. Kb1 Bxd2 0-1

[Event "Championnat de Paris Open A"]
[Site "Paris"]
[Date "2009.07.10"]
[Round "7.3"]
[White "Bourges"]
[Black "Gantner"]
[Result "1-0"]
[WhiteElo "2078"]
[BlackElo "2157"]
[PlyCount "73"]
[EventDate "2009.??.??"]
[SourceDate "2009.07.21"]

1. d4 Nf6 2. c4 g6 3. Nc3 Bg7 4. e4 d6 5. Nf3 O-O 6. Be2 e5 7. O-O Nc6 8. d5
Ne7 9. b4 Nh5 10. Re1 f5 11. Ng5 Nf6 12. f3 h6 13. Ne6 Bxe6 14. dxe6 c6 15. Be3
Kh8 16. Qd2 f4 17. Bf2 Qc7 18. c5 d5 19. exd5 Nexd5 20. Ne4 Rfe8 21. Rab1 Rxe6
22. b5 Nxe4 23. fxe4 Nf6 24. Bc4 Re7 25. bxc6 bxc6 26. Rb3 Rd7 27. Qe2 Rad8 28.
Reb1 Rd2 29. Qf3 g5 30. Be6 Qa5 31. h4 g4 32. Bxg4 Qxa2 33. Bf5 R2d3 34. R3b2
Qa5 35. Qe2 Bf8 36. Rb8 Bxc5 37. Qxd3 1-0

[Event "Championnat de Paris Open A"]
[Site "Paris"]
[Date "2009.07.10"]
[Round "7.4"]
[White "Quach"]
[Black "Derieux"]
[Result "0-1"]
[WhiteElo "2156"]
[BlackElo "2155"]
[PlyCount "112"]
[EventDate "2009.??.??"]
[SourceDate "2009.07.21"]

1. d4 Nf6 2. c4 c5 3. d5 e6 4. Nc3 exd5 5. cxd5 d6 6. e4 g6 7. Bf4 a6 8. a4 Bg7
9. Be2 O-O 10. Nf3 Nh5 11. Bg5 Bf6 12. Be3 Bg4 13. Nd2 Bxe2 14. Qxe2 Nd7 15. g4
Ng7 16. O-O g5 17. Nc4 Ne5 18. Nxe5 Bxe5 19. Qd2 Qd7 20. h3 h5 21. Bxg5 hxg4
22. f4 Bd4+ 23. Kh1 Nh5 24. Rg1 g3 25. f5 f6 26. Be3 Be5 27. Raf1 Qh7 28. Kg2
Kf7 29. Ne2 Rh8 30. Rh1 b5 31. b4 c4 32. Nd4 Bxd4 33. Qxd4 Qg8 34. Ra1 Qb8 35.
Ra2 bxa4 36. Qxc4 Rc8 37. Qd4 Qb5 38. Qd1 Ng7 39. Bd4 Rc4 40. Rd2 Rac8 41. Qg4
Qxb4 42. Rhd1 Rc2 43. Rxc2 Rxc2+ 44. Kxg3 Qb3+ 45. Kf4 Rg2 46. Qf3 Qc2 47. Be3
Rg5 48. Bf2 Nxf5 49. h4 Rg2 50. Qxg2 Qxd1 51. exf5 Qd2+ 52. Kg4 a3 53. Kh3 Qd3+
54. Kh2 Qxf5 55. Bg3 Qb1 56. Qf2 Qb2 0-1

[Event "Championnat de Paris Open A"]
[Site "Paris"]
[Date "2009.07.10"]
[Round "7.5"]
[White "Chanoine"]
[Black "Stoenescu"]
[Result "1/2-1/2"]
[WhiteElo "2271"]
[BlackElo "2149"]
[PlyCount "132"]
[EventDate "2009.??.??"]
[SourceDate "2009.07.21"]

1. e4 c5 2. Nf3 d6 3. Bb5+ Nc6 4. O-O Bd7 5. c3 a6 6. Bxc6 Bxc6 7. Re1 e5 8. d4
Qc7 9. a4 Be7 10. Na3 cxd4 11. cxd4 Nf6 12. Qc2 Rc8 13. Bg5 O-O 14. Rac1 Qb8
15. Qb3 Rfe8 16. Nc4 b5 17. dxe5 bxc4 18. Qxb8 Rxb8 19. exf6 gxf6 20. Rxc4 Bxa4
21. Rxa4 fxg5 22. Rxa6 Rxb2 23. Nd4 Bf6 24. Nf5 Bc3 25. Rf1 Be5 26. Ra7 Rf8 27.
h4 gxh4 28. f4 Bc3 29. Kh2 Rd2 30. Rc1 Bd4 31. Rd7 Bf2 32. Rcc7 Bg3+ 33. Nxg3
hxg3+ 34. Kxg3 Re2 35. Kf3 Re1 36. Rxd6 Kg7 37. Rdd7 Kf6 38. e5+ Kg6 39. Rd6+
Kg7 40. Kf2 Re4 41. Kf3 Re1 42. e6 Kg8 43. exf7+ Rxf7 44. Rxf7 Kxf7 45. g4 Re7
46. g5 Re1 47. Kg4 Re2 48. Rb6 Re4 49. Rf6+ Kg7 50. Kf5 Ra4 51. Rd6 Ra5+ 52.
Kg4 Ra4 53. Re6 Kf7 54. Rd6 Kg7 55. Kf5 Ra5+ 56. Ke4 Ra1 57. f5 Re1+ 58. Kd5
Rd1+ 59. Ke6 Re1+ 60. Kd7 Rf1 61. f6+ Kf7 62. Kd8 Rf5 63. Rd7+ Kf8 64. Rxh7
Rd5+ 65. Kc7 Rxg5 66. Kd6 Rg2 1/2-1/2

[Event "Championnat de Paris Open A"]
[Site "Paris"]
[Date "2009.07.06"]
[Round "3.1"]
[White "Grichkevitch"]
[Black "Velasco"]
[Result "0-1"]
[WhiteElo "2153"]
[BlackElo "2298"]
[PlyCount "104"]
[EventDate "2009.??.??"]
[SourceDate "2009.07.21"]

1. e4 c5 2. Nf3 Nc6 3. Bb5 Nf6 4. Nc3 Qc7 5. O-O Nd4 6. Re1 e5 7. Bc4 d6 8. h3
Be6 9. d3 h6 10. Nh2 a6 11. a4 Be7 12. f4 O-O 13. f5 Bxc4 14. dxc4 b5 15. Nd5
Nxd5 16. cxd5 c4 17. Be3 Rfb8 18. a5 b4 19. Ng4 h5 20. Nh6+ gxh6 21. Bxh6 Bf8
22. Qxh5 Bxh6 23. Qxh6 f6 24. Re3 Qg7 25. Qh4 Kf7 26. Qf2 Rg8 27. c3 Nb3 28.
Ra4 Rab8 29. g4 Rgc8 30. Rg3 Qg5 31. Qa7+ Kg8 32. Rxb4 Rxb4 33. cxb4 Nd4 34.
Qxa6 Qc1+ 35. Kh2 Qd2+ 36. Kh1 Qe1+ 37. Rg1 Qxe4+ 38. Rg2 Rf8 39. Qxc4 Qe1+ 40.
Rg1 Qe3 41. Rg2 Qxh3+ 42. Rh2 Qf3+ 43. Rg2 Kg7 44. Qc7+ Rf7 45. Qc4 Qe4 46. a6
Qe1+ 47. Rg1 Qh4+ 48. Kg2 Nxf5 49. Qd3 e4 50. Qc3 Qg5 51. b5 Ne3+ 52. Kf2 Nxd5
0-1

[Event "Championnat de Paris Open A"]
[Site "Paris"]
[Date "2009.07.06"]
[Round "3.2"]
[White "Kostiuk"]
[Black "Stoenescu"]
[Result "0-1"]
[WhiteElo "2296"]
[BlackElo "2149"]
[PlyCount "74"]
[EventDate "2009.??.??"]
[SourceDate "2009.07.21"]

1. d4 d5 2. c4 e6 3. Nc3 Bb4 4. Nf3 Nf6 5. Bg5 h6 6. Bxf6 Qxf6 7. e3 O-O 8. Qb3
c5 9. dxc5 Nc6 10. cxd5 exd5 11. Bb5 d4 12. Bxc6 dxc3 13. Qxb4 cxb2 14. Rb1
bxc6 15. Qxb2 Qf5 16. O-O Qxc5 17. Rfc1 Qd6 18. Ne5 Bf5 19. Rxc6 Qd5 20. Rbc1
Rab8 21. Qa1 Rb5 22. a4 Ra5 23. Nc4 Qxc6 24. Nxa5 Qg6 25. Nc6 Re8 26. Ne5 Qd6
27. Nf3 Be4 28. Qd4 Qa3 29. Ra1 Rc8 30. Nd2 Rc1+ 31. Rxc1 Qxc1+ 32. Nf1 Qb1 33.
Qxa7 Bd3 34. h3 Qxf1+ 35. Kh2 Qxf2 36. Qd4 Qc2 37. Qg4 Qc4 0-1

[Event "Championnat de Paris Open A"]
[Site "Paris"]
[Date "2009.07.06"]
[Round "3.3"]
[White "Mircescu"]
[Black "Gervasio"]
[Result "0-1"]
[WhiteElo "2147"]
[BlackElo "2295"]
[PlyCount "94"]
[EventDate "2009.??.??"]
[SourceDate "2009.07.21"]

1. e4 e5 2. Nf3 Nc6 3. Bb5 a6 4. Bxc6 dxc6 5. d4 exd4 6. Qxd4 Qxd4 7. Nxd4 Bd7
8. Be3 O-O-O 9. Nd2 Nf6 10. f3 Re8 11. Kf2 h5 12. N4b3 b6 13. a4 a5 14. Nc1 h4
15. Nd3 c5 16. Nc4 Be6 17. Nd2 Kb7 18. g4 Bd7 19. b3 g6 20. Rad1 Bc6 21. Nc4
Bg7 22. Bf4 Nd7 23. Rhe1 f6 24. Bc1 Ne5 25. Ndxe5 fxe5 26. h3 Rhf8 27. Bg5 Bf6
28. Bxf6 Rxf6 29. Rd3 Kc8 30. Ke2 Bb7 31. g5 Rf7 32. Ne3 Rd7 33. Red1 Ba6 34.
c4 Rd4 35. Ng2 Rh8 36. Ke3 Bb7 37. Rg1 Kb8 38. Rxd4 cxd4+ 39. Kd3 Bc8 40. f4
Bxh3 41. fxe5 Bxg2 42. Rxg2 c5 43. Ke2 h3 44. Rh2 Kc7 45. Kf3 Kd7 46. Kg4 Ke6
47. Kf4 Rh4+ 0-1

[Event "Championnat de Paris Open A"]
[Site "Paris"]
[Date "2009.07.06"]
[Round "3.4"]
[White "Steffenello"]
[Black "Chanoine"]
[Result "0-1"]
[WhiteElo "2130"]
[BlackElo "2271"]
[PlyCount "72"]
[EventDate "2009.??.??"]
[SourceDate "2009.07.21"]

1. d4 Nf6 2. c4 e6 3. g3 c5 4. d5 exd5 5. cxd5 b5 6. Bg2 Bb7 7. e4 d6 8. Nf3
Be7 9. Nh4 O-O 10. O-O Re8 11. e5 dxe5 12. Nf5 Bf8 13. Qe2 Bxd5 14. Rd1 Nc6 15.
Rxd5 Nxd5 16. Qg4 Kh8 17. Nc3 Nf6 18. Qh4 Nd4 19. Nh6 Re7 20. Bg5 Qe8 21. Ne4
Nxe4 22. Bxe4 gxh6 23. Bf6+ Bg7 24. Bxe7 f5 25. Bg2 Rc8 26. Bf6 Qf7 27. Bxg7+
Qxg7 28. Re1 Re8 29. Qh5 Qg6 30. Qd1 h5 31. Qc1 Qd6 32. Qg5 Qg6 33. Qc1 c4 34.
b3 h4 35. bxc4 h3 36. Bd5 Qg4 {Illisible} 0-1

[Event "Championnat de Paris Open A"]
[Site "Paris"]
[Date "2009.07.06"]
[Round "3.5"]
[White "Aguirre"]
[Black "Colson"]
[Result "1/2-1/2"]
[WhiteElo "2268"]
[BlackElo "2143"]
[PlyCount "80"]
[EventDate "2009.??.??"]
[SourceDate "2009.07.21"]

1. g3 f5 2. Nf3 Nf6 3. Bg2 g6 4. O-O d6 5. d4 Bg7 6. c4 O-O 7. d5 c5 8. Nc3 Na6
9. e4 Nxe4 10. Nxe4 fxe4 11. Ng5 e3 12. f4 Nc7 13. Rb1 Rb8 14. Bxe3 b5 15. b3
Bf5 16. Be4 Qd7 17. Bxf5 Qxf5 18. g4 Qd7 19. h3 a5 20. Qc2 bxc4 21. bxc4 Rb4
22. Rxb4 axb4 23. f5 h6 24. Ne6 Nxe6 25. fxe6 Rxf1+ 26. Kxf1 Qe8 27. Kg2 g5 28.
h4 gxh4 29. Kh3 Qf8 30. Qf5 Qf6 31. Qxf6 Bxf6 32. Bxh6 Kh7 33. g5 Bg7 34. Bxg7
Kxg7 35. Kxh4 Kh7 36. Kg3 Kg6 37. Kf4 Kh7 38. Kf5 Kg7 39. Ke4 Kg6 40. Kf4 Kg7
1/2-1/2

[Event "Championnat de Paris Open A"]
[Site "Paris"]
[Date "2009.07.05"]
[Round "2.5"]
[White "Chanoine"]
[Black "Delabre"]
[Result "1-0"]
[WhiteElo "2271"]
[BlackElo "2076"]
[PlyCount "125"]
[EventDate "2009.??.??"]
[SourceDate "2009.07.21"]

1. e4 e5 2. Nf3 Nc6 3. Bb5 f5 4. d3 fxe4 5. dxe4 Nf6 6. O-O Bc5 7. Qe2 d6 8.
Qc4 Qe7 9. Nc3 Bd7 10. Nd5 Nxd5 11. exd5 Nd4 12. Bxd7+ Qxd7 13. Nxe5 dxe5 14.
Qxc5 b6 15. Qc4 O-O-O 16. c3 Nf5 17. Bg5 Rde8 18. a4 Kb7 19. a5 Nd6 20. Qa2 Ra8
21. Be3 Qb5 22. a6+ Kc8 23. Rfe1 Nc4 24. Bg5 h6 25. Bh4 Kd7 26. b3 Nd6 27. c4
Qc5 28. Qe2 g5 29. Bg3 Nf7 30. Qg4+ Kd8 31. Qf3 Ke7 32. Qf5 Qd6 33. Bxe5 Nxe5
34. Rad1 Raf8 35. Rxe5+ Kd8 36. Qe4 Rf4 37. Qe3 Rhf8 38. Re1 Rxf2 39. Re8+ Kd7
40. Qh3+ R8f5 41. R1e7+ Qxe7 42. Rxe7+ Kxe7 43. Qe3+ Kd6 44. h3 Rf1+ 45. Kh2
Re5 46. Qd3 Rff5 47. Qd1 Kc5 48. Qh5 Rf6 49. Qd1 Rf2 50. Kg3 Ree2 51. Kg4 Rf4+
52. Kh5 Rh4+ 53. Kg6 Rxg2 54. d6 cxd6 55. Qd5+ Kb4 56. Qxg2 Kxb3 57. Qb7 Kxc4
58. Qxa7 Rxh3 59. Qc7+ Kb4 60. Qc2 Ra3 61. Qb2+ Rb3 62. Qd2+ Kb5 63. a7 1-0

[Event "Championnat de Paris Open A"]
[Site "Paris"]
[Date "2009.07.05"]
[Round "2.4"]
[White "Bourges"]
[Black "Baron"]
[Result "1/2-1/2"]
[WhiteElo "2078"]
[BlackElo "2293"]
[PlyCount "117"]
[EventDate "2009.??.??"]
[SourceDate "2009.07.21"]

1. d4 Nf6 2. c4 g6 3. Nc3 d5 4. Nf3 Bg7 5. Bg5 Ne4 6. Bh4 Nxc3 7. bxc3 dxc4 8.
Qa4+ Qd7 9. Qxc4 b6 10. e3 Ba6 11. Qb3 Bxf1 12. Kxf1 O-O 13. Ke2 c5 14. dxc5
Nc6 15. Rad1 Qc8 16. Qa3 bxc5 17. Rd5 Qg4 18. Rxc5 Ne5 19. Bg3 Nd7 20. Rc7 Rfc8
21. h3 Qe6 22. Ng5 Qf5 23. Rd1 Rxc7 24. Bxc7 Qb5+ 25. c4 Qxc4+ 26. Qd3 Qxc7 27.
Qxd7 Qc4+ 28. Kf3 e5 29. Qd5 Qxd5+ 30. Rxd5 h6 31. Ne4 f5 32. Ng3 e4+ 33. Ke2
Rb8 34. Rd2 Kf8 35. Rc2 Rb2 36. Kd2 Ke7 37. Rxb2 Bxb2 38. f3 Be5 39. Nh1 Kd6
40. fxe4 fxe4 41. Nf2 Kd5 42. Nd1 Bc7 43. Nc3+ Ke5 44. Kc2 h5 45. Kb3 Bb6 46.
Nd1 Bxe3 47. Nxe3 Kd4 48. Nf1 e3 49. Nh2 e2 50. Nf3+ Ke3 51. Kc3 Kf2 52. Kd2
Kxg2 53. Kxe2 Kxh3 54. Kf2 h4 55. a4 Kg4 56. Ne5+ Kf5 57. Nc6 Ke6 58. Nxa7 Kd6
59. Nb5+ 1/2-1/2

[Event "Championnat de Paris Open A"]
[Site "Paris"]
[Date "2009.07.05"]
[Round "2.3"]
[White "Gervasio"]
[Black "Guez"]
[Result "1-0"]
[WhiteElo "2295"]
[BlackElo "2079"]
[PlyCount "77"]
[EventDate "2009.??.??"]
[SourceDate "2009.07.21"]

1. e4 e6 2. d4 d5 3. exd5 exd5 4. Nf3 Nf6 5. c4 Nc6 6. Nc3 Be7 7. Bd3 Nb4 8.
O-O Nxd3 9. Qxd3 dxc4 10. Qxc4 c6 11. Re1 O-O 12. Bg5 Bg4 13. Re3 Nd5 14. Bxe7
Nxe3 15. Qc5 Qc8 16. fxe3 Bxf3 17. gxf3 Re8 18. e4 Qh3 19. Rf1 h5 20. Qg5 Qe6
21. Ba3 Qc4 22. Qc5 Qd3 23. d5 h4 24. Qf2 cxd5 25. Rd1 Qa6 26. Nxd5 Qg6+ 27.
Qg2 Qxg2+ 28. Kxg2 f6 29. Rc1 Re6 30. Rc7 Rb8 31. Kh3 a5 32. b3 b5 33. Bb2 Ra6
34. a3 Kf8 35. Kxh4 Rd8 36. Bd4 Raa8 37. Kh5 Kg8 38. Kg6 Ra6 39. Rxg7+ 1-0

[Event "Championnat de Paris Open A"]
[Site "Paris"]
[Date "2009.07.05"]
[Round "2.2"]
[White "Dimarucut"]
[Black "Kostiuk"]
[Result "0-1"]
[WhiteElo "2080"]
[BlackElo "2296"]
[PlyCount "76"]
[EventDate "2009.??.??"]
[SourceDate "2009.07.21"]

1. e4 e5 2. Nf3 Nc6 3. Bb5 a6 4. Ba4 Nf6 5. d3 b5 6. Bb3 Be7 7. O-O O-O 8. c3
d6 9. Nbd2 Nd7 10. d4 exd4 11. Nxd4 Nxd4 12. cxd4 Bf6 13. Nf3 Bb7 14. Bc2 Re8
15. Re1 c5 16. Bf4 Qb6 17. e5 Bxf3 18. Qxf3 dxe5 19. dxe5 Be7 20. Bxh7+ Kxh7
21. Qh3+ Kg8 22. Qxd7 Rad8 23. Qf5 Qe6 24. Qh5 Rd5 25. g3 Red8 26. h4 c4 27. a4
b4 28. Rad1 Rd3 29. Rc1 Bc5 30. Red1 Qd5 31. Rxd3 cxd3 32. Qg5 Re8 33. e6 Qxg5
34. exf7+ Kxf7 35. Bxg5 Bd4 36. Rd1 Bxb2 37. Rxd3 Rb8 38. Rb3 Bc3 0-1

[Event "Championnat de Paris Open A"]
[Site "Paris"]
[Date "2009.07.05"]
[Round "2.1"]
[White "Velasco"]
[Black "Thellier"]
[Result "1-0"]
[WhiteElo "2298"]
[BlackElo "2081"]
[PlyCount "121"]
[EventDate "2009.??.??"]
[SourceDate "2009.07.21"]

1. e4 d6 2. d4 Nf6 3. Nc3 g6 4. Be3 Bg7 5. Qd2 h5 6. h3 c6 7. Nf3 b5 8. Bd3
Nbd7 9. e5 b4 10. Na4 Nd5 11. e6 Nf8 12. exf7+ Kxf7 13. a3 a5 14. O-O Rb8 15.
c4 Nxe3 16. fxe3 Bf6 17. e4 Kg8 18. e5 Bg7 19. Rad1 dxe5 20. dxe5 Bf5 21. Bxf5
Qxd2 22. Rxd2 gxf5 23. Nd4 Rd8 24. Rdd1 Bxe5 25. Nxc6 Rxd1 26. Rxd1 Bf6 27.
axb4 axb4 28. Nxb4 Ne6 29. Rd5 Nd4 30. c5 Kf7 31. c6 Rc8 32. Nb6 Nxc6 33. Nxc8
Nxb4 34. Rxf5 Ke6 35. Rb5 Nd3 36. b3 h4 37. Nb6 Nf4 38. Kf1 Kd6 39. Rf5 Ne6 40.
Nc4+ Kc6 41. b4 Nd4 42. Rc5+ Kb7 43. Ne3 Nb3 44. Rd5 Kc6 45. b5+ Kb6 46. Rh5 e6
47. Rh6 Bd8 48. Rxe6+ Kxb5 49. Nf5 Kc5 50. Rh6 Bg5 51. Rh5 Nd2+ 52. Ke1 Ne4 53.
Nxh4 Kd6 54. Nf3 Bf4 55. g4 Ke6 56. Ra5 Bg3+ 57. Ke2 Bf4 58. Nd4+ Kd7 59. Kf3
Bc7 60. Rd5+ Nd6 61. Nb5 1-0

[Event "Championnat de Paris Open A"]
[Site "Paris"]
[Date "2009.07.04"]
[Round "1.5"]
[White "Baron"]
[Black "Le Montagner"]
[Result "1-0"]
[WhiteElo "2293"]
[BlackElo "1983"]
[PlyCount "43"]
[EventDate "2009.??.??"]
[SourceDate "2009.07.21"]

1. e4 c5 2. Nf3 d6 3. d4 cxd4 4. Nxd4 Nf6 5. Nc3 g6 6. Be3 Bg7 7. f3 O-O 8. Qd2
Nc6 9. Bc4 Bd7 10. Bb3 Rc8 11. O-O-O Ne5 12. h4 Nc4 13. Bxc4 Rxc4 14. Kb1 a6
15. Nde2 b5 16. Bh6 Bxh6 17. Qxh6 Qc7 18. h5 Be6 19. hxg6 Rc8 20. Nf4 Rxc3 21.
Nh5 Nxh5 22. Qxh7+ 1-0

[Event "Championnat de Paris Open A"]
[Site "Paris"]
[Date "2009.07.04"]
[Round "1.4"]
[White "Le Roux"]
[Black "Gervasio"]
[Result "0-1"]
[WhiteElo "1986"]
[BlackElo "2295"]
[PlyCount "80"]
[EventDate "2009.??.??"]
[SourceDate "2009.07.21"]

1. d4 Nf6 2. Nf3 e6 3. Nbd2 c5 4. e3 Nc6 5. c3 Be7 6. Be2 b6 7. O-O Bb7 8. a3
O-O 9. e4 cxd4 10. cxd4 Rc8 11. Re1 d6 12. Bd3 e5 13. d5 Nb8 14. Nf1 Rc7 15.
Bd2 Nbd7 16. b4 Re8 17. Qa4 Bf8 18. Ng3 Qa8 19. Rac1 Rec8 20. Rxc7 Rxc7 21. Qb3
Qc8 22. Ne2 Ba6 23. Rc1 Rxc1+ 24. Bxc1 Nxe4 25. Bxa6 Qxa6 26. Qe3 Nef6 27. Nc3
Qc4 28. Nd2 Qh4 29. Nf3 Qc4 30. Nd2 Qc7 31. Qd3 Nxd5 32. Bb2 Nf4 33. Qf3 Nf6
34. g3 Nh3+ 35. Kg2 Ng5 36. Qa8 Qd7 37. h4 Ne6 38. a4 d5 39. Nb5 d4 40. Nxa7
Qxa4 0-1